Az orvosi etika a múltban és a technika századában

Elmentve itt :
Bibliográfiai részletek
Szerző: Dóczy Pál
Adatforrás:Philobibl
Forrásdokumentuma:A Hét, 1986/41
11. p.
Dokumentumtípus: Cikk
Nyelv:magyar
Kulcsszavak:etika
LEADER 00309nab a2200109 c 4500
001 bibDOK00016014
005 20200924121042.9
008 060518s1986 hu hun
100 1 |a Dóczy Pál 
245 1 3 |a Az orvosi etika a múltban és a technika századában  |c Dóczy Pál 
695 |a etika 
773 0 |t A Hét, 1986/41  |g 11. p.